| 000 -LEADER |
| fixed length control field |
02728 a2200397 4500 |
| 003 - CONTROL NUMBER IDENTIFIER |
| control field |
OSt |
| 005 - DATE AND TIME OF LATEST TRANSACTION |
| control field |
20180116182617.0 |
| 008 - FIXED-LENGTH DATA ELEMENTS--GENERAL INFORMATION |
| fixed length control field |
160426b xxu||||| |||| 00| 0 eng d |
| 020 ## - INTERNATIONAL STANDARD BOOK NUMBER |
| International Standard Book Number |
1412902207 |
| 020 ## - INTERNATIONAL STANDARD BOOK NUMBER |
| International Standard Book Number |
9781412902205 |
| 040 ## - CATALOGING SOURCE |
| Transcribing agency |
0 |
| 082 04 - DEWEY DECIMAL CLASSIFICATION NUMBER |
| Classification number |
300.72 |
| 100 ## - MAIN ENTRY--PERSONAL NAME |
| Personal name |
Cooke, Bill. |
| 245 00 - TITLE STATEMENT |
| Title |
Fundamentals of action research. |
| 250 ## - EDITION STATEMENT |
| Edition statement |
Four-Volume Set ed. |
| 260 ## - PUBLICATION, DISTRIBUTION, ETC. |
| Place of publication, distribution, etc. |
[S.l.] : |
| Name of publisher, distributor, etc. |
Sage Publications Ltd, |
| Date of publication, distribution, etc. |
2005. |
| 300 ## - PHYSICAL DESCRIPTION |
| Extent |
1688 p. ; |
| Dimensions |
25 cm. |
| 490 1# - SERIES STATEMENT |
| Series statement |
Sage benchmarks in social research methods series. |
| 500 ## - GENERAL NOTE |
| General note |
Hardcover. |
| 520 ## - SUMMARY, ETC. |
| Summary, etc. |
Fundamentals of Action Research brings together, material, much of it hard to obtain, into one collection. It is a foundation resource for individuals and institutions on which to build their action research knowledge bank and will be the first point of reference for action research practitioners and academics. The content includes entries on action research and other methodologies which have developed out of action research. The editors recognize the eclecticism of the field, but have kept a tight focus on the topic, rather than trying to incorporate all forms of applied and/or participatory social research. More than a general overview, the set explores how the material extends and changes our understanding of the development of the field, and the contributions of key people and ideas within it. The book is initially organized into historically sequenced sections but includes sections for various contemporary branches of action research. Subjects covered include: the pre-history, the foundations, unrecognized classics, the development of action research, action research and the workplace, action research and social change, emergent varieties of action research, action research in the 21st century and the limits of action research. It is a foundation resource for individuals and institutions on which to build their action research knowledge bank and will be the first point of reference for action research practitioners and academics. |
| 650 #4 - SUBJECT ADDED ENTRY--TOPICAL TERM |
| Topical term or geographic name entry element |
Sociology & Anthropology: Professional. |
| 650 #4 - SUBJECT ADDED ENTRY--TOPICAL TERM |
| Topical term or geographic name entry element |
Research methods: general. |
| 650 #4 - SUBJECT ADDED ENTRY--TOPICAL TERM |
| Topical term or geographic name entry element |
Social research & statistics. |
| 650 #4 - SUBJECT ADDED ENTRY--TOPICAL TERM |
| Topical term or geographic name entry element |
Sociology. |
| 650 #4 - SUBJECT ADDED ENTRY--TOPICAL TERM |
| Topical term or geographic name entry element |
Medical. |
| 650 #4 - SUBJECT ADDED ENTRY--TOPICAL TERM |
| Topical term or geographic name entry element |
Action research. |
| 650 #4 - SUBJECT ADDED ENTRY--TOPICAL TERM |
| Topical term or geographic name entry element |
Research. |
| 650 #4 - SUBJECT ADDED ENTRY--TOPICAL TERM |
| Topical term or geographic name entry element |
Social Science / Research. |
| 650 #4 - SUBJECT ADDED ENTRY--TOPICAL TERM |
| Topical term or geographic name entry element |
Action research. |
| 700 1# - ADDED ENTRY--PERSONAL NAME |
| Personal name |
Cooke, Bill. |
| 700 1# - ADDED ENTRY--PERSONAL NAME |
| Personal name |
Cox, Julie Wolfram. |
| 830 #0 - SERIES ADDED ENTRY--UNIFORM TITLE |
| Uniform title |
Sage benchmarks in social research methods series. |
| 856 40 - ELECTRONIC LOCATION AND ACCESS |
| Materials specified |
Amazon.com |
| Uniform Resource Identifier |
<a href="http://www.amazon.com/exec/obidos/ASIN/1412902207/chopaconline-20">http://www.amazon.com/exec/obidos/ASIN/1412902207/chopaconline-20</a> |
| 856 40 - ELECTRONIC LOCATION AND ACCESS |
| Materials specified |
Amazon customer reviews |
| Uniform Resource Identifier |
<a href="http://www.chopac.org/cgi-bin/tools/azrev.pl?q=1412902207">http://www.chopac.org/cgi-bin/tools/azrev.pl?q=1412902207</a> |
| 942 ## - ADDED ENTRY ELEMENTS (KOHA) |
| Institution code [OBSOLETE] |
NBS |
| Koha item type |
Book |
| Call number prefix |
300.72222 COO |
| Source of classification or shelving scheme |
|